[Event "Asian Nations Cup - Women"]
[Site "http://asianchess.com/live/mnations/ancw/"]
[Date "2016.03.31"]
[Round "4"]
[Board "3"]
[White "Wickramasinghe, Dilhara Ishini"]
[Black "Jehad, Aysha"]
[Result "0-1"]
[WhiteElo "1757"]
[BlackElo "1597"]
[PlyCount "0"]
[EventDate "2016.03.28"]
[EventType "team"]
[EventRounds "9"]
[EventCountry "UAE"]
[WhiteTeam "Sri Lanka"]
[BlackTeam "UAE - 2"]

1. d4 {[%clk 1:30:50]} d5 {[%clk 1:30:56]} 2. c4 {[%clk 1:31:14]} dxc4
{[%clk 1:31:20]} 3. e3 {[%clk 1:31:37]} Nf6 {[%clk 1:31:38]} 4. Bxc4
{[%clk 1:31:35]} e6 {[%clk 1:32:02]} 5. Nc3 {[%clk 1:31:06]} c5 {[%clk 1:32:18]}
6. Nf3 {[%clk 1:30:13]} a6 {[%clk 1:32:26]} 7. a4 {[%clk 1:29:56]} Nc6
{[%clk 1:31:51]} 8. O-O {[%clk 1:26:43]} Be7 {[%clk 1:31:35]} 9. h3
{[%clk 1:15:59]} O-O {[%clk 1:28:31]} 10. Re1 {[%clk 1:00:13]} h6
{[%clk 1:10:20]} 11. d5 {[%clk 0:51:36]} exd5 {[%clk 1:08:40]} 12. Nxd5
{[%clk 0:50:19]} Nxd5 {[%clk 1:01:20]} 13. Bxd5 {[%clk 0:50:23]} Nb4
{[%clk 0:59:08]} 14. e4 {[%clk 0:47:48]} Nxd5 {[%clk 0:56:19]} 15. exd5
{[%clk 0:47:30]} b6 {[%clk 0:38:38]} 16. Qb3 {[%clk 0:16:20]} Bb7
{[%clk 0:36:12]} 17. Rd1 {[%clk 0:16:35]} Qd6 {[%clk 0:33:37]} 18. Qc4
{[%clk 0:12:44]} b5 {[%clk 0:11:17]} 19. Qe4 {[%clk 0:11:27]} f5 {[%clk 0:08:41]}
20. Qd3 {[%clk 0:05:00]} c4 {[%clk 0:04:20]} 21. Qd4 {[%clk 0:04:14]} Bf6
{[%clk 0:04:34]} 22. Bf4 {[%clk 0:02:50]} Bxd4 {[%clk 0:03:21]} 23. Bxd6
{[%clk 0:03:13]} Bxb2 {[%clk 0:02:18]} 24. Bxf8 {[%clk 0:01:56]} Bxa1
{[%clk 0:02:37]} 25. Be7 {[%clk 0:00:47]} Bc3 {[%clk 0:00:57]} 26. axb5
{[%clk 0:00:38]} axb5 {[%clk 0:01:18]} 27. d6 {[%clk 0:00:49]} Bxf3
{[%clk 0:00:54]} 28. gxf3 {[%clk 0:01:14]} Bb4 {[%clk 0:00:59]} 29. Rb1
{[%clk 0:01:07]} Ra4 {[%clk 0:00:35]} 30. Rxb4 {[%clk 0:00:51]} Rxb4
{[%clk 0:01:04]} 31. d7 {[%clk 0:01:17]} Rb1+ {[%clk 0:01:28]} 32. Kg2
{[%clk 0:01:32]} Rd1 {[%clk 0:01:49]} 33. d8=Q+ {[%clk 0:01:39]} Rxd8
{[%clk 0:02:07]} 34. Bxd8 {[%clk 0:02:05]} c3 {[%clk 0:02:07]} 35. Ba5
{[%clk 0:02:20]} c2 {[%clk 0:02:08]} 36. Bd2 {[%clk 0:02:46]} b4 {[%clk 0:01:37]}
37. Bc1 {[%clk 0:02:59]} Kf7 {[%clk 0:01:08]} 38. Kf1 {[%clk 0:03:10]} Kg6
{[%clk 0:00:42]} 39. Ke2 {[%clk 0:01:05]} b3 {[%clk 0:00:58]} 40. Kd3
{[%clk 0:01:20]} Kh5 {[%clk 0:01:23]} 41. Kc3 {[%clk 0:01:26]} Kh4
{[%clk 0:01:40]} 42. Kxb3 {[%clk 0:01:39]} Kxh3 {[%clk 0:02:02]} 43. Kxc2
{[%clk 0:00:40]} Kg2 {[%clk 0:02:24]} 44. f4 {[%clk 0:00:33]} Kxf2
{[%clk 0:01:43]} 45. Kd3 {[%clk 0:00:34]} Kf3 {[%clk 0:00:48]} 46. Kd4
{[%clk 0:00:35]} h5 {[%clk 0:30:41]} 47. Ke5 {[%clk 0:14:50]} h4 {[%clk 0:27:00]}
48. Kxf5 {[%clk 0:14:22]} h3 {[%clk 0:27:13]} 49. Bb2 {[%clk 0:13:57]} g6+
{[%clk 0:23:26]} 50. Kxg6 {[%clk 0:13:52]} h2 {[%clk 0:23:50]} 51. f5
{[%clk 0:09:20]} h1=Q {[%clk 0:24:07]} 52. Bg7 {[%clk 0:05:24]} Qg2+
{[%clk 0:23:58]} 53. Kf7 {[%clk 0:05:34]} Qa2+ {[%clk 0:23:23]} 54. Kg6
{[%clk 0:05:26]} Qc2 {[%clk 0:18:04]} 55. Kg5 {[%clk 0:04:41]} Qg2+
{[%clk 0:16:44]} 56. Kf6 {[%clk 0:02:38]} Qg4 {[%clk 0:15:49]} 57. Bh6
{[%clk 0:01:42]} Ke4 {[%clk 0:16:12]} 58. Bf8 {[%clk 0:00:57]} Qxf5+
{[%clk 0:16:28]} 59. Ke7 {[%clk 0:01:00]} Kd5 {[%clk 0:16:01]} 60. Bg7
{[%clk 0:00:36]} Qe6+ {[%clk 0:16:04]} 61. Kf8 {[%clk 0:00:56]} Qg6
{[%clk 0:15:09]} 62. Kg8 {[%clk 0:01:02]} Ke6 {[%clk 0:15:29]} 63. Kh8
{[%clk 0:01:19]} Ke5 0-1

[Event "Asian Nations Cup - Women"]
[Site "http://asianchess.com/live/mnations/ancw/"]
[Date "2016.04.01"]
[Round "5"]
[Board "4"]
[White "Zhylkaidarova, Sholpan"]
[Black "Al Maamari, Wafia Darwish"]
[Result "1-0"]
[WhiteElo "2176"]
[BlackElo "1491"]
[PlyCount "0"]
[EventDate "2016.03.28"]
[EventType "team"]
[EventRounds "9"]
[EventCountry "UAE"]
[WhiteTeam "Kazakhstan"]
[BlackTeam "UAE - 1"]

1. d4 {[%clk 1:30:58]} Nf6 {[%clk 1:30:54]} 2. c4 {[%clk 1:31:20]} g6
{[%clk 1:31:16]} 3. Nc3 {[%clk 1:31:43]} d5 {[%clk 1:31:31]} 4. cxd5
{[%clk 1:31:52]} Nxd5 {[%clk 1:31:55]} 5. e4 {[%clk 1:32:09]} Nxc3
{[%clk 1:32:02]} 6. bxc3 {[%clk 1:32:34]} Bg7 {[%clk 1:32:03]} 7. Bc4
{[%clk 1:32:18]} c5 {[%clk 1:31:23]} 8. Be3 {[%clk 1:32:35]} O-O {[%clk 1:31:19]}
9. Ne2 {[%clk 1:32:41]} Nc6 {[%clk 1:29:36]} 10. O-O {[%clk 1:32:32]} Qc7
{[%clk 1:29:40]} 11. Qc1 {[%clk 1:29:19]} Rd8 {[%clk 1:18:58]} 12. Rd1
{[%clk 1:28:07]} Na5 {[%clk 1:11:38]} 13. Bd3 {[%clk 1:24:55]} e6
{[%clk 1:09:16]} 14. Bg5 {[%clk 1:10:01]} f6 {[%clk 1:06:56]} 15. Be3
{[%clk 1:09:19]} c4 {[%clk 1:06:54]} 16. Bc2 {[%clk 1:09:04]} b6 {[%clk 1:06:26]}
17. Nf4 {[%clk 1:00:45]} f5 {[%clk 0:54:58]} 18. f3 {[%clk 0:54:12]} Qf7
{[%clk 0:43:44]} 19. Qd2 {[%clk 0:47:32]} Nb7 {[%clk 0:41:16]} 20. Qe2
{[%clk 0:46:59]} Qc7 {[%clk 0:33:35]} 21. Rab1 {[%clk 0:45:11]} Nd6
{[%clk 0:31:36]} 22. e5 {[%clk 0:35:43]} Ne8 {[%clk 0:30:20]} 23. Rb4
{[%clk 0:33:53]} Qf7 {[%clk 0:28:00]} 24. Qxc4 {[%clk 0:33:44]} Nc7
{[%clk 0:28:12]} 25. Rbb1 {[%clk 0:32:25]} Nd5 {[%clk 0:27:57]} 26. Nxd5
{[%clk 0:32:27]} Rxd5 {[%clk 0:28:20]} 27. Bb3 {[%clk 0:31:39]} Rd8
{[%clk 0:27:48]} 28. f4 {[%clk 0:28:37]} Bd7 {[%clk 0:27:39]} 29. d5
{[%clk 0:28:19]} Re8 {[%clk 0:25:49]} 30. Qc7 {[%clk 0:24:24]} Bf8
{[%clk 0:23:49]} 31. dxe6 {[%clk 0:22:18]} Bxe6 {[%clk 0:23:56]} 32. Qxf7+
{[%clk 0:22:20]} Kxf7 {[%clk 0:23:42]} 33. Rd7+ {[%clk 0:21:31]} Re7
{[%clk 0:23:43]} 34. Rbd1 {[%clk 0:19:58]} Rae8 {[%clk 0:22:49]} 35. Kf2
{[%clk 0:16:56]} Rxd7 {[%clk 0:22:43]} 36. Rxd7+ {[%clk 0:17:22]} Re7
{[%clk 0:23:08]} 37. Rxe7+ {[%clk 0:17:03]} Kxe7 {[%clk 0:23:12]} 38. Ke2
{[%clk 0:16:23]} Kd7 {[%clk 0:22:39]} 39. Kd3 {[%clk 0:16:14]} Be7
{[%clk 0:19:08]} 40. Bxe6+ {[%clk 0:16:21]} Kxe6 {[%clk 0:19:30]} 41. Kc4
{[%clk 0:16:37]} Kd7 {[%clk 0:18:45]} 42. Kd5 {[%clk 0:15:38]} Bd8
{[%clk 0:17:44]} 43. Bd4 {[%clk 0:15:29]} h6 {[%clk 0:13:29]} 44. e6+
{[%clk 0:15:00]} Ke7 {[%clk 0:13:37]} 45. Bg7 {[%clk 0:15:09]} h5
{[%clk 0:13:23]} 46. Bh6 {[%clk 0:15:12]} Bc7 {[%clk 0:13:33]} 47. Bg5+
{[%clk 0:15:22]} Ke8 {[%clk 0:13:52]} 48. Kc6 {[%clk 0:15:31]} Bb8
{[%clk 0:14:03]} 49. c4 {[%clk 0:14:53]} h4 {[%clk 0:13:01]} 50. h3
{[%clk 0:15:18]} a5 {[%clk 0:12:49]} 51. Kxb6 {[%clk 0:15:39]} a4
{[%clk 0:13:06]} 52. c5 {[%clk 0:15:50]} a3 {[%clk 0:13:24]} 53. Kb7
{[%clk 0:16:11]} 1-0

[Event "Asian Nations Cup - Women"]
[Site "http://asianchess.com/live/mnations/ancw/"]
[Date "2016.04.01"]
[Round "5"]
[Board "3"]
[White "Padmini, Rout"]
[Black "Nguyen, Thi Mai Hung"]
[Result "1/2-1/2"]
[WhiteElo "2439"]
[BlackElo "2282"]
[PlyCount "0"]
[EventDate "2016.03.28"]
[EventType "team"]
[EventRounds "9"]
[EventCountry "UAE"]
[WhiteTeam "India"]
[BlackTeam "Vietnam"]

1. e4 {[%clk 1:30:55]} c5 {[%clk 1:30:35]} 2. Nf3 {[%clk 1:31:15]} g6
{[%clk 1:30:55]} 3. c3 {[%clk 1:30:16]} Bg7 {[%clk 1:30:46]} 4. d4
{[%clk 1:30:34]} cxd4 {[%clk 1:31:09]} 5. cxd4 {[%clk 1:30:59]} d5
{[%clk 1:31:35]} 6. e5 {[%clk 1:31:11]} Bg4 {[%clk 1:29:56]} 7. Nbd2
{[%clk 1:30:02]} Nc6 {[%clk 1:27:11]} 8. Bd3 {[%clk 1:29:45]} f6 {[%clk 1:25:21]}
9. exf6 {[%clk 1:27:49]} exf6 {[%clk 1:25:34]} 10. O-O {[%clk 1:26:24]} Nge7
{[%clk 1:25:37]} 11. Re1 {[%clk 1:26:03]} O-O {[%clk 1:25:05]} 12. Qb3
{[%clk 1:21:45]} Qd7 {[%clk 1:21:35]} 13. h3 {[%clk 1:20:17]} Bf5
{[%clk 1:20:26]} 14. Bf1 {[%clk 1:16:02]} Kh8 {[%clk 1:14:43]} 15. a3
{[%clk 1:15:23]} Rae8 {[%clk 1:05:42]} 16. Qd1 {[%clk 1:07:02]} Nc8
{[%clk 0:44:56]} 17. Rxe8 {[%clk 1:06:09]} Rxe8 {[%clk 0:45:02]} 18. b4
{[%clk 1:05:22]} Nd6 {[%clk 0:42:09]} 19. Bb2 {[%clk 1:04:50]} Ne4
{[%clk 0:26:10]} 20. Qb3 {[%clk 0:55:23]} Bh6 {[%clk 0:24:27]} 21. Nxe4
{[%clk 0:53:30]} Bxe4 {[%clk 0:18:22]} 22. Ne1 {[%clk 0:45:26]} Re7
{[%clk 0:15:34]} 23. Nd3 {[%clk 0:42:58]} Bf5 {[%clk 0:14:05]} 24. Bc3
{[%clk 0:28:01]} Nd8 {[%clk 0:09:56]} 25. b5 {[%clk 0:21:20]} Ne6
{[%clk 0:05:46]} 26. Nc5 {[%clk 0:17:55]} Nxc5 {[%clk 0:01:32]} 27. dxc5
{[%clk 0:18:19]} Bg7 {[%clk 0:01:22]} 28. Rd1 {[%clk 0:18:03]} Be6
{[%clk 0:01:39]} 29. Bc4 {[%clk 0:13:43]} Re8 {[%clk 0:02:02]} 30. Qb2
{[%clk 0:10:05]} Qf7 {[%clk 0:00:57]} 31. Bf1 {[%clk 0:10:12]} Rc8
{[%clk 0:01:10]} 32. Bd4 {[%clk 0:10:37]} f5 {[%clk 0:00:50]} 33. Re1
{[%clk 0:07:49]} Re8 {[%clk 0:00:37]} 34. c6 {[%clk 0:07:16]} bxc6
{[%clk 0:00:39]} 35. bxc6 {[%clk 0:07:42]} Bxd4 {[%clk 0:00:36]} 36. Qxd4+
{[%clk 0:08:06]} Kg8 {[%clk 0:00:48]} 37. Ba6 {[%clk 0:06:14]} Qc7
{[%clk 0:00:41]} 38. Rxe6 {[%clk 0:02:47]} Rxe6 {[%clk 0:01:00]} 39. Qxd5
{[%clk 0:02:54]} Qxc6 {[%clk 0:01:03]} 40. Bc4 {[%clk 0:02:49]} Qxd5
{[%clk 0:01:18]} 41. Bxd5 {[%clk 0:03:17]} Kf7 {[%clk 0:01:37]} 42. Kf1
{[%clk 0:02:09]} Ke7 {[%clk 0:20:25]} 43. Bxe6 {[%clk 0:33:34]} Kxe6
{[%clk 0:20:52]} 44. Ke2 {[%clk 0:33:37]} Kd5 {[%clk 0:20:55]} 45. Kd3
{[%clk 0:34:00]} g5 {[%clk 0:19:15]} 46. f3 {[%clk 0:32:09]} f4 {[%clk 0:16:24]}
47. Kc3 {[%clk 0:32:04]} Kc5 {[%clk 0:16:44]} 48. Kd3 {[%clk 0:32:12]} Kb5
{[%clk 0:14:11]} 49. Kc3 {[%clk 0:32:09]} Kc5 {[%clk 0:13:13]} 50. Kd4+ Kd5+
 1/2-1/2

[Event "Asian Nations Cup - Women"]
[Site "http://asianchess.com/live/mnations/ancw/"]
[Date "2016.04.01"]
[Round "5"]
[Board "2"]
[White "Kurbonboeva, Sarvinoz"]
[Black "Batchimeg, Tuvshintugs"]
[Result "1/2-1/2"]
[WhiteElo "2172"]
[BlackElo "2395"]
[PlyCount "0"]
[EventDate "2016.03.28"]
[EventType "team"]
[EventRounds "9"]
[EventCountry "UAE"]
[WhiteTeam "Uzbekistan"]
[BlackTeam "Mongolia"]

1. d4 {[%clk 1:30:57]} Nf6 {[%clk 1:30:52]} 2. c4 {[%clk 1:31:19]} c5
{[%clk 1:31:14]} 3. d5 {[%clk 1:31:39]} b5 {[%clk 1:31:38]} 4. cxb5
{[%clk 1:31:58]} a6 {[%clk 1:32:00]} 5. bxa6 {[%clk 1:32:16]} g6 {[%clk 1:32:19]}
6. Nc3 {[%clk 1:32:32]} Bxa6 {[%clk 1:29:14]} 7. g3 {[%clk 1:32:41]} Bg7
{[%clk 1:29:28]} 8. Bg2 {[%clk 1:33:02]} d6 {[%clk 1:29:46]} 9. Nf3
{[%clk 1:33:20]} O-O {[%clk 1:30:04]} 10. O-O {[%clk 1:33:38]} Nbd7
{[%clk 1:30:24]} 11. Rb1 {[%clk 1:33:55]} Qa5 {[%clk 1:26:38]} 12. Bd2
{[%clk 1:32:46]} Bb7 {[%clk 1:25:31]} 13. b3 {[%clk 1:23:56]} Qa3
{[%clk 1:21:13]} 14. Bc1 {[%clk 1:23:07]} Qb4 {[%clk 1:21:00]} 15. Bb2
{[%clk 1:11:22]} Rfb8 {[%clk 1:13:58]} 16. Ne1 {[%clk 1:01:01]} Ba6
{[%clk 1:06:41]} 17. Nc2 {[%clk 0:57:54]} Qa5 {[%clk 1:04:21]} 18. Ne3
{[%clk 0:57:45]} c4 {[%clk 0:58:52]} 19. Ba1 {[%clk 0:47:41]} cxb3
{[%clk 0:51:55]} 20. Rxb3 {[%clk 0:44:38]} Rc8 {[%clk 0:42:49]} 21. Qd2
{[%clk 0:36:01]} Nc5 {[%clk 0:42:13]} 22. Rbb1 {[%clk 0:36:08]} Na4
{[%clk 0:37:11]} 23. Rfc1 {[%clk 0:36:00]} Nd7 {[%clk 0:34:02]} 24. Ned1
{[%clk 0:33:48]} Ne5 {[%clk 0:22:22]} 25. Rc2 {[%clk 0:31:07]} Nc4
{[%clk 0:19:10]} 26. Qc1 {[%clk 0:31:31]} Nc5 {[%clk 0:17:14]} 27. a4
{[%clk 0:27:11]} Nxa4 {[%clk 0:13:02]} 28. Nxa4 {[%clk 0:27:27]} Qxa4
{[%clk 0:12:17]} 29. Bxg7 {[%clk 0:23:20]} Kxg7 {[%clk 0:12:46]} 30. Nb2
{[%clk 0:15:44]} Nxb2 {[%clk 0:12:41]} 31. Qxb2+ {[%clk 0:14:09]} Kg8
{[%clk 0:13:05]} 32. Rbc1 {[%clk 0:14:08]} Rxc2 {[%clk 0:11:31]} 33. Qxc2
{[%clk 0:14:24]} Qb5 {[%clk 0:10:29]} 34. Bf3 {[%clk 0:13:03]} Qb4
{[%clk 0:07:21]} 35. Qc3 {[%clk 0:09:45]} Qxc3 {[%clk 0:07:15]} 36. Rxc3
{[%clk 0:10:09]} Bb5 {[%clk 0:07:09]} 37. Rc2 {[%clk 0:02:54]} f5
{[%clk 0:06:44]} 38. Kg2 {[%clk 0:01:11]} Kf7 {[%clk 0:06:50]} 39. Rb2
{[%clk 0:00:37]} Bc4 {[%clk 0:06:53]} 40. Rb4 {[%clk 0:00:34]} Rc8
{[%clk 0:07:11]} 41. h4 {[%clk 0:16:18]} Rc5 {[%clk 0:37:01]} 42. Rb7
{[%clk 0:16:43]} Bxd5 {[%clk 0:30:00]} 43. Bxd5+ {[%clk 0:17:08]} Rxd5
{[%clk 0:30:26]} 44. f4 {[%clk 0:16:26]} Kf6 {[%clk 0:26:49]} 45. Kf3
{[%clk 0:16:35]} Rc5 {[%clk 0:23:12]} 46. Ra7 {[%clk 0:16:19]} Rc3+
{[%clk 0:23:12]} 47. Kf2 {[%clk 0:16:16]} Rc8 {[%clk 0:23:16]} 48. Kf3
{[%clk 0:16:34]} h6 {[%clk 0:23:26]} 49. Rd7 {[%clk 0:16:30]} Rg8
{[%clk 0:23:05]} 50. Ra7 {[%clk 0:11:49]} Rg7 {[%clk 0:14:40]} 51. Ra5
{[%clk 0:10:07]} g5 {[%clk 0:14:34]} 52. hxg5+ {[%clk 0:10:16]} hxg5
{[%clk 0:15:02]} 53. g4 {[%clk 0:07:44]} fxg4+ {[%clk 0:15:04]} 54. Kxg4
{[%clk 0:07:58]} gxf4+ {[%clk 0:15:21]} 55. Kxf4 {[%clk 0:08:23]} Rg2
{[%clk 0:13:22]} 56. Kf3 {[%clk 0:07:50]} Rg5 {[%clk 0:12:37]} 57. Ra6
{[%clk 0:08:13]} Rf5+ {[%clk 0:12:51]} 58. Ke4 {[%clk 0:08:16]} Re5+
{[%clk 0:13:06]} 59. Kd3 {[%clk 0:08:07]} Kf5 {[%clk 0:13:20]} 60. Ra8
{[%clk 0:06:02]} Rb5 {[%clk 0:13:29]} 61. e3 {[%clk 0:04:29]} Rb3+
{[%clk 0:13:42]} 62. Ke2 {[%clk 0:04:46]} d5 {[%clk 0:10:18]} 63. Ra5
{[%clk 0:04:16]} e6 {[%clk 0:10:19]} 64. Ra4 {[%clk 0:03:02]} Ke5
{[%clk 0:10:05]} 65. Ra6 {[%clk 0:03:01]} Rc3 {[%clk 0:10:27]} 66. Kd2
{[%clk 0:03:09]} Rc4 {[%clk 0:10:31]} 67. Kd3 {[%clk 0:03:19]} Kf5
{[%clk 0:10:51]} 68. Ra5 {[%clk 0:03:06]} Re4 {[%clk 0:09:43]} 69. Rc5
{[%clk 0:02:54]} Ra4 {[%clk 0:10:02]} 70. Rb5 {[%clk 0:03:11]} Ra3+
{[%clk 0:10:09]} 71. Ke2 {[%clk 0:03:34]} Kf6 {[%clk 0:09:35]} 72. Rc5
{[%clk 0:03:11]} Ke7 {[%clk 0:09:41]} 73. Rb5 {[%clk 0:03:06]} Kd7
{[%clk 0:09:49]} 74. Kd2 {[%clk 0:01:53]} Kc6 {[%clk 0:10:11]} 75. Rb8
{[%clk 0:02:05]} e5 {[%clk 0:09:30]} 76. Rc8+ {[%clk 0:02:30]} Kd7
{[%clk 0:09:51]} 77. Rh8 {[%clk

[Event "Asian Nations Cup - Women"]
[Site "http://asianchess.com/live/mnations/ancw/"]
[Date "2016.04.02"]
[Round "6"]
[Board "3"]
[White "Tan, Zhongyi"]
[Black "Tokhirjonova, Gulrukhbegim"]
[Result "1/2-1/2"]
[WhiteElo "2518"]
[BlackElo "2259"]
[PlyCount "0"]
[EventDate "2016.03.28"]
[EventType "team"]
[EventRounds "9"]
[EventCountry "UAE"]
[WhiteTeam "China"]
[BlackTeam "Uzbekistan"]

1. d4 {[%clk 1:30:49]} d5 {[%clk 1:29:46]} 2. c4 {[%clk 1:30:54]} c6
{[%clk 1:30:11]} 3. Nf3 {[%clk 1:30:42]} Nf6 {[%clk 1:30:28]} 4. Nc3
{[%clk 1:30:26]} dxc4 {[%clk 1:30:52]} 5. a4 {[%clk 1:30:41]} Bf5
{[%clk 1:31:01]} 6. e3 {[%clk 1:30:01]} e6 {[%clk 1:30:53]} 7. Bxc4
{[%clk 1:30:24]} Bb4 {[%clk 1:31:13]} 8. O-O {[%clk 1:30:17]} Nbd7
{[%clk 1:30:46]} 9. Qe2 {[%clk 1:30:37]} Bg6 {[%clk 1:31:00]} 10. e4
{[%clk 1:30:51]} Bxc3 {[%clk 1:27:57]} 11. bxc3 {[%clk 1:31:09]} Nxe4
{[%clk 1:28:07]} 12. Ba3 {[%clk 1:31:29]} Qc7 {[%clk 1:27:22]} 13. Rfc1
{[%clk 1:08:01]} O-O-O {[%clk 1:04:54]} 14. a5 {[%clk 1:08:23]} Rhe8
{[%clk 1:01:02]} 15. Rab1 {[%clk 0:47:02]} Nxc3 {[%clk 0:50:13]} 16. Rxc3
{[%clk 0:47:25]} Bxb1 {[%clk 0:50:38]} 17. a6 {[%clk 0:43:16]} e5
{[%clk 0:36:15]} 18. d5 {[%clk 0:41:00]} e4 {[%clk 0:27:08]} 19. axb7+
{[%clk 0:40:21]} Kb8 {[%clk 0:26:45]} 20. Nd4 {[%clk 0:38:49]} Ne5
{[%clk 0:26:56]} 21. d6 {[%clk 0:16:29]} Rxd6 {[%clk 0:17:38]} 22. Bxd6
{[%clk 0:13:05]} Qxd6 {[%clk 0:18:03]} 23. Nf5 {[%clk 0:12:24]} Qb4
{[%clk 0:17:51]} 24. Rb3 {[%clk 0:07:11]} Qxc4 {[%clk 0:18:03]} 25. Qxc4
{[%clk 0:07:37]} Nxc4 {[%clk 0:18:28]} 26. Rxb1 {[%clk 0:08:01]} g6
{[%clk 0:18:52]} 27. Nd4 {[%clk 0:08:20]} Ne5 {[%clk 0:17:51]} 28. Kf1
{[%clk 0:06:02]} Re7 {[%clk 0:17:43]} 29. Re1 {[%clk 0:05:56]} Rxb7
{[%clk 0:14:50]} 30. Rxe4 {[%clk 0:06:15]} Rb4 {[%clk 0:14:53]} 31. g4
{[%clk 0:05:06]} c5 {[%clk 0:14:55]} 32. Rxe5 {[%clk 0:05:27]} Rxd4
{[%clk 0:15:08]} 33. g5 {[%clk 0:05:17]} c4 {[%clk 0:15:17]} 34. Ke2
{[%clk 0:05:39]} Rd7 {[%clk 0:14:44]} 35. Re3 {[%clk 0:05:24]} Kb7
{[%clk 0:15:06]} 36. Rc3 {[%clk 0:05:50]} Rc7 {[%clk 0:15:31]} 37. Kd2
{[%clk 0:06:17]} Kb6 {[%clk 0:15:53]} 38. Rh3 {[%clk 0:06:43]} Kb5
{[%clk 0:12:29]} 39. Rxh7 {[%clk 0:07:08]} Kb4 {[%clk 0:12:54]} 40. Rh8
{[%clk 0:07:23]} Rb7 {[%clk 0:13:14]} 41. Kc2 {[%clk 0:07:28]} a5
{[%clk 0:13:39]} 42. h4 {[%clk 0:06:18]} Rb5 {[%clk 0:08:39]} 43. h5
{[%clk 0:01:36]} gxh5 {[%clk 0:08:08]} 44. Rxh5 {[%clk 0:01:49]} Rf5
{[%clk 0:08:30]} 45. Rh6 {[%clk 0:01:43]} Rxf2+ {[%clk 0:08:51]} 46. Kb1
{[%clk 0:02:10]} Rf5 {[%clk 0:07:28]} 47. Rb6+ {[%clk 0:02:13]} Kc3
{[%clk 0:07:26]} 48. g6 {[%clk 0:02:36]} fxg6 {[%clk 0:07:31]} 49. Rxg6
{[%clk 0:03:00]} Rf1+ {[%clk 0:06:14]} 50. Ka2 {[%clk 0:03:25]} Rf2+
{[%clk 0:06:37]} 51. Kb1 {[%clk 0:01:28]} a4 {[%clk 0:06:40]} 52. Rg3+
{[%clk 0:01:27]} Kb4 {[%clk 0:07:03]} 53. Rg8 {[%clk 0:01:26]} c3
{[%clk 0:05:58]} 54. Rb8+ {[%clk 0:01:30]} Kc4 {[%clk 0:05:32]} 55. Rc8+
{[%clk 0:30:22]} Kd3 {[%clk 0:33:26]} 56. Rd8+ {[%clk 0:30:47]} Ke3
{[%clk 0:33:28]} 57. Re8+ {[%clk 0:30:22]} Kd3 {[%clk 0:27:00]} 58. Rd8+
{[%clk 0:30:42]} Kc4 {[%clk 0:27:23]} 59. Rc8+ {[%clk 0:31:03]} Kb3
{[%clk 0:27:49]} 60. Rb8+ {[%clk 0:31:29]} Ka3 {[%clk 0:28:14]} 61. Rc8
{[%clk 0:30:01]} Rb2+ {[%clk 0:15:58]} 62. Kc1 {[%clk 0:30:25]} Kb3
{[%clk 0:16:06]} 63. Rb8+ {[%clk 0:30:32]} Ka2 {[%clk 0:16:29]} 64. Rc8
{[%clk 0:30:56]} Rb3 {[%clk 0:15:09]} 65. Kc2 {[%clk 0:30:18]} a3
{[%clk 0:14:40]} 66. Ra8 {[%clk 0:30:19]} Rb7 {[%clk 0:14:02]} 67. Kxc3
{[%clk 0:28:26]} Rc7+ {[%clk 0:14:27]} 68. Kd2 {[%clk 0:28:47]} Kb2
{[%clk 0:14:46]} 69. Rb8+ {[%clk 0:29:09]} Ka1 {[%clk 0:15:14]} 70. Rb3
{[%clk 0:29:10]} a2 {[%clk 0:15:29]} 71. Rb8 {[%clk 0:29:35]} Rh7
{[%clk 0:15:12]} 72. Kc2 {[%clk 0:29:52]} Rh2+ {[%clk 0:15:10]} 73. Kc1
{[%clk 0:30:15]} Rh1+ {[%clk 0:14:50]} 74. Kc2 {[%clk 0:30:39]} Rb1
{[%clk 0:14:23]} 75. Rh8 {[%clk 0:30:58]} Rb2+ {[%clk 0:14:34]} 76. Kc1
{[%clk 0:31:19]} Rb1+ {[%clk 0:14:45]} 77. Kc2 {[%clk